4:ans Hållplatser - Statistics

General Stats
  • This quiz has been taken 11 times
  • The average score is 13 of 21
Answer Stats
Order Answer % Correct
11 Korsvägen
100%
21 Angered centrum
80%
15 Brunnsparken
80%
16 Centralstationen
80%
17 Gamlestadstorget
80%
9 Almedal
60%
12 Berzeliigatan
60%
8 Elisedal
60%
19 Hammarkullen
60%
18 Hjällbo
60%
4 Krokslätts fabriker
60%
5 Krokslätts torg
60%
14 Kungsportsplatsen
60%
3 Lackarebäck
60%
20 Storås
60%
13 Valand
60%
10 Getebergsäng
40%
6 Lana
40%
1 Mölndals innerstad
40%
2 Mölndals sjukhus
40%
7 Varbergsgatan
40%
No matching quizzes found
Score Distribution
Percent of People with Each Score
Percentile by Number Answered
Your Score History
You have not taken this quiz